A Study on the typology of Internet users based on privacy concerns and their different styles of privacy calculus process : Doctoral Dissertation - Major: Marketing

Salvato in:
Dettagli Bibliografici
Autore principale: Nguyễn, Văn Thanh Trường
Natura: Luận văn
Lingua:Undetermined
Pubblicazione: Soongsil University 2012
Soggetti:
Tags: Aggiungi Tag
Nessun Tag, puoi essere il primo ad aggiungerne! !
Thư viện lưu trữ: Trung tâm Thư viện - Trường Đại học Công nghiệp TP. Hồ Chí Minh
LEADER 00674nam a2200157Ia 4500
001 UIH_01886
008 230809s9999 xx 000 0 und d
082 |a 658.83 
100 |a Nguyễn, Văn Thanh Trường 
245 2 |a A Study on the typology of Internet users based on privacy concerns and their different styles of privacy calculus process : Doctoral Dissertation - Major: Marketing 
245 0 |c Nguyễn, Văn Thanh Trường 
260 |b Soongsil University 
260 |c 2012 
650 |a Marketing;Nghiên cứu thị trường; 
927 |a Luận văn 
980 |a Trung tâm Thư viện - Trường Đại học Công nghiệp TP. Hồ Chí Minh